Sports Quiz

Random Sports or Olympics Quiz
Score 0/23 Timer 06:00
0 Plays Today
State Player % Correct
CaliforniaAlex Morgan
96.5%
CaliforniaMegan Rapinoe
91.8%
New JerseyTobin Heath
91.5%
CaliforniaChristen Press
90%
New JerseyCarli Lloyd
90%
ArizonaJulie Ertz
89.9%
FloridaAshlyn Harris
88.8%
ColoradoLindsey Horan
88.6%
ColoradoMallory Pugh
87.3%
New YorkCrystal Dunn
87.2%
OhioRose Lavelle
87%
GeorgiaKelley O’Hara
86.1%
State Player % Correct
VirginiaAli Krieger
84.9%
MassachusettesSamantha Mewis
84.7%
ConnecticutAlyssa Naeher
79.1%
GeorgiaEmily Sonnett
77.7%
KansasAdrianna Franch
73.9%
MissouriBecky Sauerbrunn
73.4%
CaliforniaAbby Dahlkemper
73.4%
New YorkAllie Long
72.6%
ArizonaJessica McDonald
72.3%
GeorgiaMorgan Brian
70.4%
CaliforniaTierna Davidson
68.1%
Remove Ads.
Support Sporcle.
Get the best of Sporcle when you Go Orange. This ad-free experience offers more features, more stats, and more fun while also helping to support Sporcle. Thank you for becoming a member.

You're not logged in!

Compare scores with friends on all Sporcle quizzes.
OR
Log In

Sporcle TV

Today on Sporcle TV


Watch our educational content, quiz creation guides, and fun videos on Sporcle TV.

Show Comments

Extras

Top Quizzes Today


Score Distribution

Paid Content

Your Account Isn't Verified!

In order to create a playlist on Sporcle, you need to verify the email address you used during registration. Go to your Sporcle Settings to finish the process.

Report this User

Report this user for behavior that violates our Community Guidelines.

Details: